| 000 | 00780cam a22002412 4500 | ||
|---|---|---|---|
| 001 | 0000020849 | ||
| 005 | 20151217155230.0 | ||
| 008 | 111021s xx 000 0 eng d | ||
| 020 |
_a1408258118 : _cKES 4465 |
||
| 040 |
_aKABU _cKABU |
||
| 100 | 1 |
_aElliott, Catherine. _@0000160117 |
|
| 245 | 1 | 0 |
_aContract law / _cCatherine Elliott and Frances Quinn. |
| 250 | _a8th ed. | ||
| 260 |
_aHarlow, England : _bPearson Education, _c2011. |
||
| 300 | _axxxi, 428 p. | ||
| 650 | 0 |
_aContracts _zEngland. _@0000160118 |
|
| 650 | 0 |
_aContracts _zWales. _@0000160119 |
|
| 700 | 1 |
_aQuinn, Frances. _@0000160120 |
|
| 852 | 1 | _9p2340 KES | |
| 852 | 1 | _9p2340 KES | |
| 908 | _a111021 | ||
| 950 | _@1 | ||
| 999 |
_c12166 _d12166 |
||